Regional planning in India / (Record no. 65545)

MARC details
000 -LEADER
fixed length control field 00609nam a22001697a 4500
005 - DATE AND TIME OF LATEST TRANSACTION
control field 20120424114929.0
020 ## - INTERNATIONAL STANDARD BOOK NUMBER
International Standard Book Number 8170230586
Terms of availability 210.00
035 ## - SYSTEM CONTROL NUMBER
System control number B-47014
037 ## - SOURCE OF ACQUISITION
Stock number DPL
Source of stock number/acquisition ENG
100 ## - MAIN ENTRY--PERSONAL NAME
Personal name Chand, Mahesh
245 ## - TITLE STATEMENT
Title Regional planning in India /
Statement of responsibility, etc by Mahesh Chand and Vinay Kumar Puri
260 ## - PUBLICATION, DISTRIBUTION, ETC. (IMPRINT)
Place of publication, distribution, etc New Delhi
Name of publisher, distributor, etc Allied Publishers Limited
Date of publication, distribution, etc 2000
300 ## - PHYSICAL DESCRIPTION
Extent xi, 541p.
Dimensions 22 cms.
700 ## - ADDED ENTRY--PERSONAL NAME
Personal name Puri, Vinay Kumar
9 (RLIN) 45662
942 ## - ADDED ENTRY ELEMENTS (KOHA)
Source of classification or shelving scheme Dewey Decimal Classification
Item type English Books
Classification part 306.1
Call number suffix MAH
Holdings
Withdrawn status Lost status Not for loan Collection code Home library Current library Date acquired Cost, normal purchase price Full call number Barcode Cost, replacement price Koha item type
      Non-fiction Sarojini Nagar Sarojini Nagar 24/04/2012 210.00 306.1 MAH B-47014 210.00 English Books

© Delhi Public Library
Hit Counter
free hit counter